[Event "3rd Ideon Andron Open 2014"]
[Site "Anogia GRE"]
[Date "2014.07.30"]
[Round "1.1"]
[White "Kotronias, Vasilios"]
[Black "Koutsogiannopoulou, Theodora"]
[Result "1-0"]
[WhiteTitle "GM"]
[WhiteElo "2564"]
[BlackElo "1855"]
[WhiteFideId "5900212"]
[BlackFideId "4215265"]
[EventDate "2014.07.30"]

1. e4 c5 2. Nc3 d6 3. f4 e6 4. Nf3 Ne7 5. d4 cxd4 6. Nxd4 a6 7. Be3 Nbc6 8. Nb3
b5 9. Qd2 Bb7 10. O-O-O Nc8 11. Qf2 Qc7 12. g4 Be7 13. g5 b4 14. Na4 Na5 15. f5
Bxe4 16. Bg2 Nxb3+ 17. axb3 exf5 18. Bxe4 fxe4 19. Qf5 O-O 20. Qxe4 Rb8 21. Qd4
Qa5 22. h4 Qe5 23. Qd2 Re8 24. Bd4 Qb5 25. Qf4 Rb7 26. Rhg1 Rc7 27. h5 Qe2 28.
c4 Qxh5 29. Rde1 Qg6 30. Re3 Rf8 31. Rh3 Rc6 32. Rh6 Qd3 33. Rg3 Qe2 34. Qh4
Qf1+ 35. Kd2 Qf5 36. Rf6 Bxf6 37. gxf6 Rd8 38. Rxg7+ Kf8 39. Rxh7 Ke8 40. Rg7
Qe6 41. Qh7 Ne7 42. fxe7 Kxe7 43. Nb6 Rf8 44. Bf6+ Ke8 45. Rg8 1-0

[Event "3rd Ideon Andron Open 2014"]
[Site "Anogia GRE"]
[Date "2014.07.30"]
[Round "1.2"]
[White "Hatipoglu, Metin"]
[Black "Pap, Misa"]
[Result "0-1"]
[BlackTitle "GM"]
[WhiteElo "1840"]
[BlackElo "2514"]
[WhiteFideId "6302017"]
[BlackFideId "921610"]
[EventDate "2014.07.30"]

1. e4 e5 2. Nf3 Nc6 3. Bb5 f5 4. Bxc6 bxc6 5. Nxe5 Qe7 6. d4 d6 7. Nxc6 Qxe4+ 8.
Qe2 Qxe2+ 9. Kxe2 Bb7 10. d5 Nf6 11. Nc3 Kd7 12. Rd1 Nxd5 13. Nxd5 Bxc6 14. c4
g6 15. b3 Bg7 16. Rb1 a5 17. Bb2 Bxb2 18. Rxb2 a4 19. b4 a3 20. Rbd2 Ra4 21. c5
Re8+ 22. Kf1 Bxd5 23. Rxd5 Re6 24. cxd6 Rxd6 25. Rxd6+ cxd6 26. Rb1 Kc6 27. Ke2
Kb5 28. Rb3 Rxb4 29. Rxa3 Rb2+ 30. Ke3 f4+ 31. Kxf4 Rxf2+ 32. Kg3 Rf7 33. Rd3
Kc5 34. a4 d5 35. Ra3 Kb4 36. Ra1 d4 37. a5 d3 38. a6 d2 39. Rb1+ Kc3 40. Rb7
d1=Q 41. Rxf7 Qe1+ 42. Rf2 Qe5+ 43. Kh3 Qe6+ 44. Kg3 Qxa6 0-1

[Event "3rd Ideon Andron Open 2014"]
[Site "Anogia GRE"]
[Date "2014.07.30"]
[Round "1.3"]
[White "Antic, Dejan"]
[Black "Tolias, Fotis"]
[Result "1-0"]
[WhiteTitle "GM"]
[WhiteElo "2479"]
[BlackElo "1833"]
[WhiteFideId "901008"]
[BlackFideId "4277961"]
[EventDate "2014.07.30"]

1. d4 Nf6 2. c4 c5 3. d5 e6 4. Nc3 exd5 5. cxd5 d6 6. Nf3 g6 7. g3 Bg7 8. Bg2
O-O 9. O-O a6 10. a4 Re8 11. Bf4 h6 12. a5 g5 13. Bd2 Bf5 14. h4 g4 15. Ne1 Nbd7
16. Nc2 Ne5 17. Ne3 Bg6 18. Na4 Ne4 19. Nb6 Rb8 20. Nbc4 Nxd2 21. Qxd2 f5 22.
Nxe5 dxe5 23. Nc4 f4 24. d6 Bf7 25. Bd5 Bf6 26. Bxf7+ Kxf7 27. Qd5+ Kg7 28. d7
Rf8 29. Rad1 Bxh4 30. gxh4 Qxh4 31. Qxe5+ Kh7 32. Qe4+ Kh8 33. Ne5 Qg5 34. Ng6+
Kg7 35. Nxf8 Rxf8 36. Rd5 Qh4 37. Qe5+ Kh7 38. d8=Q Rxd8 39. Qc7+ 1-0

[Event "3rd Ideon Andron Open 2014"]
[Site "Anogia GRE"]
[Date "2014.07.30"]
[Round "1.4"]
[White "Aggeletos, Marios"]
[Black "Kasparov, Sergey"]
[Result "0-1"]
[BlackTitle "GM"]
[WhiteElo "1822"]
[BlackElo "2460"]
[WhiteFideId "4297393"]
[BlackFideId "13500481"]
[EventDate "2014.07.30"]

1. d4 Nf6 2. Nf3 c5 3. d5 g6 4. g3 d6 5. c4 b5 6. cxb5 a6 7. b6 Nbd7 8. Bg2 Nxb6
9. Nc3 Bg7 10. O-O O-O 11. e4 Nfd7 12. Re1 a5 13. Qc2 a4 14. Bf4 Qc7 15. Rab1
Ba6 16. Bh3 Rfb8 17. Bg5 Nc4 18. Bxd7 Qxd7 19. Nxa4 Rb4 20. Nc3 Rab8 21. Bc1 Qg4
22. Kg2 Bc8 23. b3 Qh3+ 24. Kg1 Ne5 25. Nxe5 Bxe5 26. Bb2 Bg4 27. Nd1 Bf3 0-1

[Event "3rd Ideon Andron Open 2014"]
[Site "Anogia GRE"]
[Date "2014.07.30"]
[Round "1.5"]
[White "Lekic, Dusan"]
[Black "Stoumbou, Eleni"]
[Result "1-0"]
[WhiteTitle "IM"]
[WhiteElo "2433"]
[BlackElo "1820"]
[WhiteFideId "905330"]
[BlackFideId "4210174"]
[EventDate "2014.07.30"]

1. c4 e5 2. g3 c6 3. Nf3 Qc7 4. d4 e4 5. Ng5 d5 6. Nc3 Nf6 7. cxd5 cxd5 8. Bg2
Nc6 9. O-O Qb6 10. e3 h6 11. Nh3 Bg4 12. Nxd5 Bxd1 13. Nxb6 axb6 14. Rxd1 1-0

[Event "3rd Ideon Andron Open 2014"]
[Site "Anogia GRE"]
[Date "2014.07.30"]
[Round "1.6"]
[White "Pandini, Giuseppe"]
[Black "Swapnil, S. Dhopade"]
[Result "0-1"]
[BlackTitle "IM"]
[WhiteElo "1722"]
[BlackElo "2421"]
[WhiteFideId "838292"]
[BlackFideId "5019184"]
[EventDate "2014.07.30"]

1. f4 d5 2. Nf3 Nf6 3. e3 g6 4. Be2 Bg7 5. d4 O-O 6. O-O c5 7. c3 b6 8. Ne5 Ba6
9. Bxa6 Nxa6 10. Qa4 Nc7 11. Nd2 Nce8 12. b3 Nd6 13. Qa6 Nfe4 14. Nxe4 Nxe4 15.
Qd3 Rc8 16. c4 cxd4 17. exd4 f6 18. Nf3 f5 19. Be3 Qd7 20. Rac1 Rfd8 21. Rc2
dxc4 22. bxc4 b5 23. Rfc1 bxc4 24. Rxc4 e6 25. Qb3 Rxc4 26. Rxc4 Qd5 27. Qc2 Bf6
28. Rc7 Rd7 29. Rc8+ Kg7 30. g3 Nxg3 31. Qg2 Ne4 32. h4 Qb7 33. Qc2 Nc3 34. Rxc3
Qxf3 35. Qb3 Bxh4 36. Qxe6 Re7 37. Qb3 Rxe3 38. Rxe3 Bf2+ 39. Kh2 Bxe3 40. Qb1
Bxf4+ 41. Kg1 Be3+ 42. Kh2 Bf2 0-1

[Event "3rd Ideon Andron Open 2014"]
[Site "Anogia GRE"]
[Date "2014.07.30"]
[Round "1.7"]
[White "Narayanan, Srinath"]
[Black "Radionov, Timur"]
[Result "1-0"]
[WhiteTitle "IM"]
[WhiteElo "2419"]
[BlackElo "1675"]
[WhiteFideId "5018420"]
[BlackFideId "34178772"]
[EventDate "2014.07.30"]

1. e4 e5 2. Nf3 Nc6 3. d4 exd4 4. Nxd4 Bb4+ 5. c3 Bc5 6. Be3 Bb6 7. Nf5 Bxe3 8.
Nxe3 Nf6 9. Bd3 d5 10. Nd2 O-O 11. exd5 Ne5 12. Ndc4 Re8 13. Nxe5 Rxe5 14. O-O
g6 15. c4 Qd6 16. Qf3 Kg7 17. Rfe1 Bd7 18. h3 Rae8 19. Nc2 c6 20. Rxe5 Rxe5 21.
dxc6 Bxc6 22. Qd1 Rg5 23. Bf1 Qf4 24. Qd4 Qf3 25. Ne3 Qxh3 26. Rd1 h5 27. Qf4
Ng4 28. gxh3 Nxe3+ 29. Qxg5 Nxd1 30. Qd2 1-0

[Event "3rd Ideon Andron Open 2014"]
[Site "Anogia GRE"]
[Date "2014.07.30"]
[Round "1.8"]
[White "Eleftherakis, Panagiotis"]
[Black "Anurag, Mhamal"]
[Result "0-1"]
[BlackTitle "IM"]
[WhiteElo "1660"]
[BlackElo "2405"]
[WhiteFideId "4217373"]
[BlackFideId "5024366"]
[EventDate "2014.07.30"]

1. d4 Nf6 2. Nf3 b6 3. e3 Bb7 4. Be2 d6 5. b3 Nbd7 6. Bb2 g6 7. Nbd2 Bg7 8. O-O
O-O 9. c4 e5 10. dxe5 Ng4 11. Rb1 Ngxe5 12. Nxe5 Nxe5 13. f4 Nd7 14. Bxg7 Kxg7
15. Bf3 Bxf3 16. Qxf3 f5 17. Rbe1 Qe7 18. e4 Rae8 19. Re2 Qf6 20. Rfe1 fxe4 21.
Rxe4 Rxe4 22. Nxe4 Qd4+ 23. Qe3 Qxe3+ 24. Rxe3 Rxf4 25. Nc3 c6 26. Re7+ Rf7 27.
Re6 Ne5 28. Rxd6 Re7 29. h3 Kh6 30. Kf2 Kg5 31. Ne4+ Kf4 32. Nc3 Rf7 33. Rd4+
Kg5+ 34. Kg3 Rf1 35. Rd1 Rf4 36. Rd8 h5 37. h4+ Rxh4 38. Re8 Rg4+ 39. Kh3 Nd3
40. Re7 Nf4+ 0-1

[Event "3rd Ideon Andron Open 2014"]
[Site "Anogia GRE"]
[Date "2014.07.30"]
[Round "1.9"]
[White "Goumas, Georgios"]
[Black "Radionov, Deni"]
[Result "1-0"]
[WhiteElo "2371"]
[BlackElo "1602"]
[WhiteFideId "4208935"]
[BlackFideId "34170623"]
[EventDate "2014.07.30"]

1. e4 e5 2. Nf3 Nc6 3. Bb5 a6 4. Ba4 Nf6 5. O-O Be7 6. d3 d6 7. c3 b5 8. Bc2 O-O
9. Re1 Bb7 10. Nbd2 g6 11. Nf1 Nh5 12. Bh6 Ng7 13. d4 f6 14. Ne3 Qd7 15. Qd2 Nd8
16. dxe5 fxe5 17. Nxe5 Qe8 18. Bb3+ Kh8 19. N5g4 c5 20. Bd5 Bxd5 21. Nxd5 Qf7
22. e5 Ra7 23. Nxe7 Rxe7 24. exd6 Rb7 25. Re4 Rg8 26. Bxg7+ Qxg7 27. Rae1 Nc6
28. Qd5 Nd8 29. Re7 Rxe7 30. dxe7 1-0

[Event "3rd Ideon Andron Open 2014"]
[Site "Anogia GRE"]
[Date "2014.07.30"]
[Round "1.10"]
[White "Keskin, Cengiz"]
[Black "Galopoulos, Nikolaos"]
[Result "0-1"]
[WhiteElo "1562"]
[BlackElo "2361"]
[WhiteFideId "6318541"]
[BlackFideId "4208951"]
[EventDate "2014.07.30"]

1. d4 Nf6 2. Nf3 e6 3. Bf4 c5 4. c3 b6 5. e3 Bb7 6. Bd3 Be7 7. Nbd2 cxd4 8. exd4
O-O 9. O-O d6 10. Re1 Nbd7 11. Bf1 Re8 12. Qb3 Qc7 13. h3 Rac8 14. a4 a6 15. Bh2
h6 16. Rad1 Qb8 17. c4 Qa8 18. Re3 d5 19. Rde1 dxc4 20. Bxc4 Bd5 21. Be5 Bxc4
22. Nxc4 Nd5 23. R3e2 Nxe5 24. Ncxe5 Qb7 25. g3 Bb4 26. Rd1 Qc7 27. Ne1 Qb8 28.
N1d3 Bd6 29. Kg2 b5 30. axb5 axb5 31. Rde1 Qb7 32. Kg1 Rc7 33. Rc2 Rec8 34. Rec1
f6 35. Ng6 Kf7 36. Nh4 Rxc2 37. Rxc2 Ra8 38. Rc1 Ra4 39. Nc5 Bxc5 40. dxc5 Qc6
41. Nf3 Nb6 42. Qd3 Rc4 43. Ra1 Na4 44. b3 Rc3 45. Qd4 Qxf3 46. bxa4 bxa4 47.
Qxa4 Qd5 48. Rd1 Qxc5 49. Rd7+ Kg8 50. Qa8+ Kh7 51. Qe4+ f5 52. Qxe6 Rxg3+ 53.
Kf1 Qb5+ 54. Qe2 Rg1+ 0-1

[Event "3rd Ideon Andron Open 2014"]
[Site "Anogia GRE"]
[Date "2014.07.31"]
[Round "2.1"]
[White "Kasparova, Tatiana"]
[Black "Kotronias, Vasilios"]
[Result "1/2-1/2"]
[WhiteTitle "WIM"]
[BlackTitle "GM"]
[WhiteElo "2132"]
[BlackElo "2564"]
[WhiteFideId "13501453"]
[BlackFideId "5900212"]
[EventDate "2014.07.30"]

1. e4 d6 2. d4 Nf6 3. Nc3 e5 4. dxe5 dxe5 5. Qxd8+ Kxd8 6. Bc4 Ke8 7. f3 c6 8.
Be3 b5 9. Bb3 Nbd7 10. a4 b4 11. Nb1 Bc5 12. Kf2 Bxe3+ 13. Kxe3 Nc5 14. Bc4 a5
15. Nd2 Nfd7 16. b3 Nb6 17. Bf1 Be6 18. Ne2 Ke7 19. Nc1 f5 20. Nd3 f4+ 21. Kf2
Rhd8 22. Rd1 Nxd3+ 23. Bxd3 Rd4 24. h4 Rad8 25. Ke2 c5 26. Bb5 Kf6 27. Rhg1 g6
28. Rh1 R8d6 29. Rhg1 Bf7 30. Bd3 Kg7 31. Rh1 Kh6 32. Rhg1 Rd8 33. Rh1 Rc8 34.
Bb5 Rcd8 35. Bd3 Kh5 36. g3 fxg3 37. Rdg1 c4 38. bxc4 Bxc4 39. Nxc4 Nxc4 40.
Rxg3 Na3 41. Rg5+ Kh6 42. Rd1 Nc4 43. Rdg1 Re8 44. h5 Re6 45. hxg6 hxg6 46. R5g2
Nb2 47. Bb5 Red6 48. Kf2 Rd2+ 49. Kg3 Nd1 50. f4 exf4+ 51. Kxf4 Rf6+ 52. Ke5
Rdd6 53. Rh2+ Kg7 54. Bc4 Ne3 55. Bb3 Rc6 56. Kd4 Nf1 57. Rhg2 Rc3 58. Re2 Rff3
59. Rg5 Ng3 60. Re1 Kh6 61. Rxa5 g5 62. Rb5 g4 63. Be6 Rxc2 64. Bxg4 Rf4 65. Be6
Rb2 66. Ke5 Rf3 67. a5 Ra3 68. Rc1 Kg5 69. Rc4 Rba2 70. Kd6+ Kg6 71. Bf5+ Nxf5+
72. exf5+ Kf6 73. Rcxb4 Rxa5 74. Rxa5 1/2-1/2

[Event "3rd Ideon Andron Open 2014"]
[Site "Anogia GRE"]
[Date "2014.07.31"]
[Round "2.2"]
[White "Pap, Misa"]
[Black "Kostopoulos, Evaggelos"]
[Result "1-0"]
[WhiteTitle "GM"]
[WhiteElo "2514"]
[BlackElo "2135"]
[WhiteFideId "921610"]
[BlackFideId "4208641"]
[EventDate "2014.07.30"]

1. e4 e5 2. Nf3 Nc6 3. Bc4 Nf6 4. d4 exd4 5. e5 d5 6. Bb5 Ne4 7. Nxd4 Bd7 8.
Bxc6 bxc6 9. O-O Bc5 10. f3 Ng5 11. Be3 O-O 12. f4 Ne6 13. c3 Qe8 14. Nd2 Bb6
15. b4 a5 16. N2b3 f6 17. exf6 Rxf6 18. bxa5 Ba7 19. Qd2 Nxd4 20. Nxd4 Bc5 21.
Rae1 Qf8 22. Nb3 Bd6 23. Rf3 Bf5 24. Bd4 Be4 25. Bxf6 Bxf3 26. Be5 Be4 27. c4
Qe7 28. Bxd6 Qxd6 29. c5 Qf8 30. h3 h6 31. Rf1 Qf6 32. f5 Kh7 33. Rf2 Rb8 34.
Qf4 Rb7 35. Kh2 Qc3 36. f6 Qxf6 37. Qxf6 gxf6 38. Rxf6 d4 39. Rf4 Bd5 40. Rxd4
Kg6 41. Ra4 Kf5 42. a6 Ra7 43. Nd4+ Ke5 44. Nc2 Be4 45. Nb4 Ra8 46. a7 Bd5 47.
g4 Bc4 48. Nxc6+ Kd5 49. Ne7+ Kxc5 50. Nf5 Kb5 51. Ra3 Kb4 52. Re3 Rxa7 53. Nxh6
Rxa2+ 54. Kg3 c5 55. Nf5 Bd5 56. Ne7 Bb3 57. g5 c4 58. Nd5+ Kc5 59. Nc3 Kd4 60.
Kf3 Ra8 61. Ne2+ Kd5 62. h4 Bc2 63. h5 Rf8+ 64. Kg3 Rf5 65. Kg4 Re5 66. Nf4+ Kd4
67. Rxe5 Kxe5 68. g6 c3 69. Kg5 Be4 70. Ne2 c2 71. h6 Bd3 72. Nc1 1-0

[Event "3rd Ideon Andron Open 2014"]
[Site "Anogia GRE"]
[Date "2014.07.31"]
[Round "2.3"]
[White "Makka, Evanthia"]
[Black "Antic, Dejan"]
[Result "0-1"]
[BlackTitle "GM"]
[WhiteElo "2117"]
[BlackElo "2479"]
[WhiteFideId "4207513"]
[BlackFideId "901008"]
[EventDate "2014.07.30"]

1. Nf3 c5 2. g3 Nc6 3. Bg2 g6 4. O-O Bg7 5. c3 e5 6. e4 Nge7 7. d3 O-O 8. Bg5 d6
9. Na3 f5 10. exf5 Bxf5 11. Qd2 Qd7 12. Nc2 Rae8 13. Rfe1 Bh3 14. Bh1 Nf5 15.
Ne3 Nh6 16. Nd5 Ng4 17. Be3 Qf5 18. Ng5 Nxe3 19. Nxh3 Ng4 20. f3 Nf6 21. Nxf6+
Bxf6 22. Bg2 d5 23. f4 Kg7 24. Rf1 Qd7 25. Rae1 h6 26. Re2 Bd8 27. Ref2 c4 28.
fxe5 Rxf2 29. Nxf2 Nxe5 30. d4 Bg5 31. Qd1 Nf7 32. Qf3 Be3 33. Qxd5 Nd6 34. Kh1
Bxf2 35. Rxf2 Re1+ 36. Rf1 Qe7 37. Qf3 Re3 38. Qf4 g5 39. Qg4 Re2 40. b3 Rxa2
41. bxc4 Nxc4 42. Qe4 Qxe4 43. Bxe4 Nd2 44. Bd5 Nxf1 45. Bxa2 Ne3 46. Kg1 b5 47.
Bb3 a5 48. Kf2 Ng4+ 49. Ke2 Nxh2 50. Be6 a4 51. Kd3 h5 52. Bd7 Nf1 53. g4 a3 54.
Kc2 hxg4 55. Bxb5 Ne3+ 56. Kb3 g3 57. Bc6 Nc4 58. Bh1 Kf6 0-1

[Event "3rd Ideon Andron Open 2014"]
[Site "Anogia GRE"]
[Date "2014.07.31"]
[Round "2.4"]
[White "Kasparov, Sergey"]
[Black "Galanos, Dimitrios"]
[Result "1-0"]
[WhiteTitle "GM"]
[WhiteElo "2460"]
[BlackElo "2124"]
[WhiteFideId "13500481"]
[BlackFideId "4206754"]
[EventDate "2014.07.30"]

1. e4 c5 2. Nf3 d6 3. d4 cxd4 4. Nxd4 Nf6 5. f3 Nc6 6. c4 e6 7. Nc3 d5 8. cxd5
exd5 9. Nxc6 bxc6 10. exd5 Nxd5 11. Nxd5 cxd5 12. Bb5+ Bd7 13. Qxd5 Bb4+ 14. Kf2
O-O 15. Bxd7 Re8 16. Be3 Qh4+ 17. g3 Qf6 18. Bxe8 Qxb2+ 19. Bd2 Rxe8 20. Rhd1
Ba5 21. Qxa5 Qd4+ 22. Kf1 Qd3+ 23. Kg1 Qd4+ 24. Kh1 Re2 25. Be3 1-0

[Event "3rd Ideon Andron Open 2014"]
[Site "Anogia GRE"]
[Date "2014.07.31"]
[Round "2.5"]
[White "Kostouros, Alexandros"]
[Black "Lekic, Dusan"]
[Result "0-1"]
[BlackTitle "IM"]
[WhiteElo "2101"]
[BlackElo "2433"]
[WhiteFideId "4206100"]
[BlackFideId "905330"]
[EventDate "2014.07.30"]

1. e4 c5 2. c3 Nf6 3. e5 Nd5 4. d4 cxd4 5. cxd4 Nc6 6. Nc3 Nxc3 7. bxc3 d6 8. f4
d5 9. Nf3 g6 10. Bd3 e6 11. O-O Bd7 12. Rb1 Na5 13. g4 Be7 14. Qc2 Rc8 15. f5
Qc7 16. fxg6 fxg6 17. Bxg6+ hxg6 18. Qxg6+ Kd8 19. Ba3 Be8 20. Qg7 Bxa3 21. Qxh8
Qxc3 22. g5 Qd3 23. Rbd1 Qe4 24. Qh4 Be7 25. Qg3 Rc3 26. Rde1 Qf5 27. h4 Bh5 28.
Kg2 Nc4 29. Rf2 Nd2 30. Rxd2 Rxf3 31. Qh2 Qg4+ 32. Kh1 Rh3 0-1

[Event "3rd Ideon Andron Open 2014"]
[Site "Anogia GRE"]
[Date "2014.07.31"]
[Round "2.6"]
[White "Swapnil, S. Dhopade"]
[Black "Kokolias, Konstantinos"]
[Result "1/2-1/2"]
[WhiteTitle "IM"]
[WhiteElo "2421"]
[BlackElo "2109"]
[WhiteFideId "5019184"]
[BlackFideId "4205006"]
[EventDate "2014.07.30"]

1. d4 d5 2. c4 c6 3. Nc3 e5 4. dxe5 d4 5. Ne4 Qa5+ 6. Bd2 Qxe5 7. Ng3 c5 8. Nf3
Qc7 9. e3 dxe3 10. Bxe3 Nf6 11. Bd3 Be7 12. O-O O-O 13. Qd2 Nc6 14. Bf4 Qb6 15.
Rfe1 Bg4 16. Ne5 Nxe5 17. Bxe5 Rad8 18. Qc2 g6 19. h3 Be6 20. Re3 Nd7 21. Bc3
Bf6 22. Ne4 Bxc3 23. Qxc3 Bf5 24. Rae1 Rfe8 25. Ng3 Rxe3 26. Rxe3 Bxd3 27. Rxd3
Nf6 28. Rxd8+ Qxd8 29. Qe5 b6 30. b3 Kf8 31. Nf1 Qe7 32. Qb8+ Kg7 33. Ne3 h5 34.
g3 Ne4 35. Nd5 Qg5 36. Qf4 Qxf4 37. gxf4 f6 38. Kg2 Kf7 39. Kf3 Nd6 40. Nc7 Ke7
41. Nb5 Nxb5 42. cxb5 Ke6 43. Ke4 f5+ 44. Ke3 Kd5 45. Kd3 h4 46. a3 Kd6 47. Kc4
Ke6 48. b4 cxb4 49. axb4 Kd6 50. Kd4 1/2-1/2

[Event "3rd Ideon Andron Open 2014"]
[Site "Anogia GRE"]
[Date "2014.07.31"]
[Round "2.7"]
[White "Dionysopoulos, Zacharias"]
[Black "Narayanan, Srinath"]
[Result "0-1"]
[BlackTitle "IM"]
[WhiteElo "2091"]
[BlackElo "2419"]
[WhiteFideId "4281969"]
[BlackFideId "5018420"]
[EventDate "2014.07.30"]

1. e4 c5 2. Nf3 d6 3. d4 cxd4 4. Nxd4 Nf6 5. Nc3 a6 6. Bg5 Nbd7 7. f4 Qc7 8. Qf3
h6 9. Bh4 g5 10. Bg3 gxf4 11. Bxf4 e5 12. Be3 exd4 13. Bxd4 Bg7 14. O-O-O Ne5
15. Qg3 Rg8 16. h3 Be6 17. Qf2 Nfd7 18. Qh4 Qd8 19. Qe1 Qc7 20. Qh4 Ng6 21. Qf2
O-O-O 22. Bxg7 Rxg7 23. Qd2 h5 24. Qh6 Rdg8 25. Qxh5 Nf4 26. Qf3 Nxg2 27. Bxg2
Rxg2 28. Qd3 Ne5 29. Qxd6 Qxd6 30. Rxd6 Nc4 31. Rd3 Rg1+ 32. Rd1 Rxd1+ 33. Nxd1
Rh8 34. h4 Rh5 35. b3 Ne5 36. Ne3 Ng6 37. Ng2 Bg4 38. Ne3 Bf3 39. Rf1 Nxh4 40.
Nc4 Be2 41. Nb6+ Kc7 42. Rf6 Rh7 43. Nd5+ Kb8 44. Rf4 Ng6 45. Rf2 Bg4 46. Kd2
Be6 47. Nc3 Rh3 48. Ne2 Kc7 49. Nd4 Kd6 50. Nf3 Rg3 51. Ne1 Ne5 52. Nd3 Nxd3 53.
cxd3 Ke5 54. Kc2 Kd4 55. Rd2 Rf3 56. a3 b5 57. b4 Rg3 0-1

[Event "3rd Ideon Andron Open 2014"]
[Site "Anogia GRE"]
[Date "2014.07.31"]
[Round "2.8"]
[White "Anurag, Mhamal"]
[Black "Skaperdas, Kostantinos"]
[Result "1-0"]
[WhiteTitle "IM"]
[WhiteElo "2405"]
[BlackElo "2093"]
[WhiteFideId "5024366"]
[BlackFideId "4205626"]
[EventDate "2014.07.30"]

1. c4 g6 2. d4 Nf6 3. Nc3 d5 4. cxd5 Nxd5 5. e4 Nxc3 6. bxc3 Bg7 7. Bb5+ Bd7 8.
Bxd7+ Qxd7 9. Nf3 O-O 10. O-O c5 11. Rb1 cxd4 12. cxd4 Nc6 13. Bb2 Na5 14. Bc3
Nc4 15. Qb3 Rfc8 16. Rfc1 b5 17. d5 Bxc3 18. Rxc3 a6 19. Rd3 Qc7 20. Nd4 Ne5 21.
Rdd1 Qb6 22. Qg3 f6 23. d6 Qxd6 24. Nxb5 Qe6 25. Nc3 Nf7 26. h3 Rc4 27. Nd5 Rd8
28. f3 Nd6 29. Rb6 Kf7 30. Rxa6 Nxe4 31. Qh4 Rc6 32. Qxh7+ Kf8 33. Rxc6 1-0

[Event "3rd Ideon Andron Open 2014"]
[Site "Anogia GRE"]
[Date "2014.07.31"]
[Round "2.9"]
[White "Maris, Ioannis"]
[Black "Goumas, Georgios"]
[Result "0-1"]
[WhiteTitle "FM"]
[WhiteElo "2039"]
[BlackElo "2371"]
[WhiteFideId "4201540"]
[BlackFideId "4208935"]
[EventDate "2014.07.30"]

1. Nf3 c5 2. g3 Nc6 3. Bg2 g6 4. d3 Bg7 5. O-O d6 6. Nbd2 e6 7. e4 Nge7 8. Re1
O-O 9. Nf1 f5 10. exf5 gxf5 11. c3 e5 12. Ne3 f4 13. Nf1 Kh8 14. Ng5 h6 15. Qh5
Kg8 16. gxf4 hxg5 17. fxg5 Bf5 18. Re3 Qe8 19. Qh4 Ng6 20. Qa4 Nf4 21. Be4 d5
22. Bxf5 Rxf5 23. Ng3 Rxg5 24. Bd2 Qf7 25. Rf3 Rf8 26. Kf1 Rg4 27. Qb5 e4 28.
dxe4 Ne5 0-1

[Event "3rd Ideon Andron Open 2014"]
[Site "Anogia GRE"]
[Date "2014.07.31"]
[Round "2.10"]
[White "Galopoulos, Nikolaos"]
[Black "Papadogiannis, Sevastianos"]
[Result "1-0"]
[WhiteElo "2361"]
[BlackElo "2054"]
[WhiteFideId "4208951"]
[BlackFideId "4239369"]
[EventDate "2014.07.30"]

1. d4 d5 2. c4 dxc4 3. Nf3 Nf6 4. e3 e6 5. Bxc4 c5 6. O-O a6 7. Qe2 cxd4 8. exd4
Be7 9. Bg5 Nbd7 10. a4 h6 11. Bxf6 Nxf6 12. Nc3 O-O 13. Rfe1 Bb4 14. Red1 Bxc3
15. bxc3 Qa5 16. Qb2 Ne4 17. Rdc1 Nd6 18. Bd3 Bd7 19. c4 Bc6 20. Ne5 Rfc8 21. c5
Nf5 22. Bxf5 exf5 23. Nc4 Qd8 24. Nb6 Rab8 25. Rd1 Bd5 26. Nxc8 Rxc8 27. Qd2 Rc6
28. Qf4 Qd7 29. Rd2 Re6 30. h4 g5 31. hxg5 hxg5 32. Qxg5+ Rg6 33. Qf4 Rxg2+ 34.
Kf1 Rg6 35. f3 Bc4+ 36. Kf2 Qe7 37. Rh1 Qd8 38. d5 Bb3 39. Qh2 1-0

[Event "3rd Ideon Andron Open 2014"]
[Site "Anogia GRE"]
[Date "2014.07.31"]
[Round "3.1"]
[White "Galopoulos, Nikolaos"]
[Black "Pap, Misa"]
[Result "1-0"]
[BlackTitle "GM"]
[WhiteElo "2361"]
[BlackElo "2514"]
[WhiteFideId "4208951"]
[BlackFideId "921610"]
[EventDate "2014.07.30"]

1. d4 Nf6 2. c4 c5 3. Nf3 cxd4 4. Nxd4 Nc6 5. g3 Qb6 6. Nc2 e6 7. Bg2 Ne5 8. b3
h5 9. Bb2 d6 10. Qd4 Qc7 11. Nc3 Bd7 12. f4 Nc6 13. Qd2 a6 14. O-O-O O-O-O 15.
e4 Kb8 16. Kb1 Be7 17. Rhe1 Bc8 18. h3 h4 19. g4 g5 20. f5 Nd7 21. Rf1 Rhg8 22.
Ne2 Nce5 23. Ned4 Nc5 24. Qe2 Rde8 25. Ne3 Ka8 26. Qc2 Bd7 27. fxe6 fxe6 28. b4
Ba4 29. Qc3 Bxd1 30. bxc5 Ba4 31. Nxe6 Qd7 32. Nd5 Kb8 33. Nec7 Ref8 34. Qb4
Rxf1+ 35. Bxf1 dxc5 36. Nxa6+ Kc8 37. Nxc5 Nc6 38. Qxa4 Bxc5 39. Qa8+ Nb8 40.
Be5 Qc7 41. Bxc7 Kd7 42. Bxb8 Rf8 43. Qxb7+ Ke6 44. Qc6+ Kf7 45. Qxc5 Rxb8+ 46.
Kc2 Ra8 47. Qc7+ Kg6 48. Qc6+ Kf7 49. Qxa8 Ke6 50. Kd3 1-0

[Event "3rd Ideon Andron Open 2014"]
[Site "Anogia GRE"]
[Date "2014.07.31"]
[Round "3.2"]
[White "Antic, Dejan"]
[Black "Kourkoulos-Arditis, Stamatis"]
[Result "1-0"]
[WhiteTitle "GM"]
[BlackTitle "FM"]
[WhiteElo "2479"]
[BlackElo "2330"]
[WhiteFideId "901008"]
[BlackFideId "4221990"]
[EventDate "2014.07.30"]

1. d4 Nf6 2. c4 e6 3. Nf3 Bb4+ 4. Bd2 Qe7 5. g3 Nc6 6. Nc3 O-O 7. Bg2 Bxc3 8.
Bxc3 Ne4 9. Qc2 Nxc3 10. Qxc3 a5 11. O-O d6 12. d5 Nb4 13. a3 Na6 14. dxe6 fxe6
15. Qxa5 e5 16. Qc3 Nc5 17. b4 Na4 18. Qe3 Be6 19. Nd2 c6 20. c5 dxc5 21. Qxe5
cxb4 22. axb4 Rfe8 23. Ne4 Qxb4 24. Rfb1 Bb3 25. Qf4 Qd4 26. e3 Qd3 27. Qd6 Bc2
28. Rxb7 Rxe4 29. Qxc6 Ree8 30. Rd7 Qf5 31. Qc4+ Kh8 32. Qd4 Qf8 33. Bxa8 Rxa8
34. e4 h6 35. e5 Qf3 36. e6 Rg8 37. Rxa4 Bf5 38. Rf7 1-0

[Event "3rd Ideon Andron Open 2014"]
[Site "Anogia GRE"]
[Date "2014.07.31"]
[Round "3.3"]
[White "Malikentzos, Sotirios"]
[Black "Kasparov, Sergey"]
[Result "1/2-1/2"]
[WhiteTitle "FM"]
[BlackTitle "GM"]
[WhiteElo "2352"]
[BlackElo "2460"]
[WhiteFideId "4215079"]
[BlackFideId "13500481"]
[EventDate "2014.07.30"]

1. Nf3 Nf6 2. c4 c5 3. g3 b6 4. Bg2 Bb7 5. Nc3 e6 6. O-O d6 7. d4 cxd4 8. Qxd4
a6 9. Bg5 Nbd7 10. Nd2 Bxg2 11. Kxg2 1/2-1/2

[Event "3rd Ideon Andron Open 2014"]
[Site "Anogia GRE"]
[Date "2014.07.31"]
[Round "3.4"]
[White "Lekic, Dusan"]
[Black "Hristodoulou, Panagiotis"]
[Result "1/2-1/2"]
[WhiteTitle "IM"]
[WhiteElo "2433"]
[BlackElo "2242"]
[WhiteFideId "905330"]
[BlackFideId "4214340"]
[EventDate "2014.07.30"]

1. c4 c6 2. g3 d5 3. Nf3 Bg4 4. Bg2 e6 5. cxd5 Bxf3 6. Bxf3 cxd5 7. O-O Nf6 8.
Nc3 Nc6 9. d4 Be7 10. e3 O-O 11. Qe2 Rc8 12. Bd2 Na5 13. Rfc1 Nc4 14. Be1 Qd7
15. Rc2 Rc7 16. Rac1 Rfc8 17. e4 dxe4 18. Nxe4 Nxe4 19. Bxe4 Nd6 20. Rxc7 Rxc7
21. Rxc7 Qxc7 1/2-1/2